Retail trade on the U.S.-Mexico border during the NAFTA implementation era (Registro nro. 34143)
[ vista simple ]
| 000 -CABECERA | |
|---|---|
| Longitud fija campo de control | 01116naa a2200325 c 4500 |
| 001 - NÚMERO DE CONTROL | |
| Número de control | 34143 |
| 003 - IDENTIFICADOR DE NÚMERO DE CONTROL | |
| Identificador del número de control | ES-MaCES |
| 005 - FECHA Y HORA DE LA ÚLTIMA TRANSACCIÓN | |
| Fecha y hora de la última transacción | 20150923143957.0 |
| 008 - CAMPO FIJO DE DESCRIPCIÓN FIJA--INFORMACIÓN GENERAL | |
| Códigos de información de longitud fija | 040715n2004 xxu t 000 | eng d |
| 035 ## - NÚMERO DE CONTROL DEL SISTEMA | |
| Número de control del sistema | CES20040004194v |
| 040 ## - FUENTE DE CATALOGACIÓN | |
| Centro catalogador de origen | ES-MaCES |
| Lengua de catalogación | spa |
| Centro transcriptor | ES-MaCES |
| 100 1# - ENCABEZAMIENTO PRINCIPAL--NOMBRE PERSONAL | |
| Nombre de persona | Adkisson, Richard V. |
| 9 (RLIN) | 5607 |
| 245 10 - MENCIÓN DE TÍTULO | |
| Título | Retail trade on the U.S.-Mexico border during the NAFTA implementation era |
| Mención de responsabilidad, etc. | Richard V. Adkisson and Linda Zimmerman |
| 500 ## - NOTA GENERAL | |
| Nota general | Resumen |
| 504 ## - NOTA DE BIBLIOGRAFÍA, ETC. | |
| Nota de bibliografía, etc. | Bibliografía: p. 88-89 |
| 650 #4 - ASIENTO SECUNDARIO DE MATERIA--TÉRMINO DE MATERIA | |
| Término de materia o nombre geográfico como elemento inicial | 1992-1997 |
| 9 (RLIN) | 31003 |
| 650 #4 - ASIENTO SECUNDARIO DE MATERIA--TÉRMINO DE MATERIA | |
| Término de materia o nombre geográfico como elemento inicial | Estados Unidos |
| 9 (RLIN) | 28373 |
| 650 #4 - ASIENTO SECUNDARIO DE MATERIA--TÉRMINO DE MATERIA | |
| Término de materia o nombre geográfico como elemento inicial | México |
| 9 (RLIN) | 26884 |
| 650 #4 - ASIENTO SECUNDARIO DE MATERIA--TÉRMINO DE MATERIA | |
| Término de materia o nombre geográfico como elemento inicial | modelo económico |
| 9 (RLIN) | 27074 |
| 650 #4 - ASIENTO SECUNDARIO DE MATERIA--TÉRMINO DE MATERIA | |
| Término de materia o nombre geográfico como elemento inicial | consecuencias económicas |
| 9 (RLIN) | 27082 |
| 650 #4 - ASIENTO SECUNDARIO DE MATERIA--TÉRMINO DE MATERIA | |
| Término de materia o nombre geográfico como elemento inicial | TLCAN |
| 9 (RLIN) | 30612 |
| 650 #4 - ASIENTO SECUNDARIO DE MATERIA--TÉRMINO DE MATERIA | |
| Término de materia o nombre geográfico como elemento inicial | comercio minorista |
| 9 (RLIN) | 27952 |
| 653 10 - TÉRMINO DE INDEXACIÓN--NO CONTROLADO | |
| Término no controlado | Comercio internacional |
| 650 #4 - ASIENTO SECUNDARIO DE MATERIA--TÉRMINO DE MATERIA | |
| 9 (RLIN) | 27963 |
| Término de materia o nombre geográfico como elemento inicial | convenio comercial |
| 700 1# - ENCABEZAMIENTO SECUNDARIO--NOMBRE PERSONAL | |
| Nombre de persona | Zimmerman, Linda |
| 9 (RLIN) | 26586 |
| 773 0# - ENTRADA DE DOCUMENTO FUENTE | |
| Título | Growth and change |
| Parte(s) relacionada(s) | vol. 35, no. 1 (Winter 2004){10254 R. 056506}; p. 77-89 |
| Número de control del registro relacionado | (ES-MaCES)25267 |
| Itemnumber del ítem fuente | 46489 |
| 902 ## - CES. TIPO DE DOCUMENTO | |
| Tipodoc (006$c Sirtex) | ART Artículo de revista |
| 942 ## - ELEMENTOS KOHA | |
| Fuente de clasificaión o esquema | Clasificación propia del CES |
| Koha [por defecto] tipo de item | Artículos (1982-2017) |
| Parte de clasificación | 0.0. |
No hay ítems disponibles.
